000 00503nam a2200145Ia 4500
001 6613
008 260622s9999 xx 000 0 und d
245 0 _aAl Ma'mal Foundation Activities and Programs booklet/
_bمؤسسة المعمل: دليل
260 _aJerusalem;
_bAl Ma'mal Foundation for Contemporary Art;
_c2008
300 _a90p;
_c22x17cm
546 _aEnglish; Arabic
650 _aNX798-820 Arts centers and facilities
_95643
651 _aLevant
_zPalestine فلسطين
_99452
942 _cBK
999 _c6613
_d6613